000 01305nam a2200397 i 4500
001 9267
003 KOSZ 005
005 20200414134031.0
008 070708s1970 pl a f 000 0 pol
015 _aPB 1970/5547
035 _a(PL-WaBN)b19388524-48omnis_nlop
035 _ab19388524
035 _a(OCoLC)830840212
035 _a(PL)b0000019388524
040 _aWA N
_cWA N
_dKOSZ 005/RW
046 _k1970
080 _a796.3
100 1 _aBełdowski, Zbigniew
_d(1915-1991).
_eAutor
245 1 0 _aTenis i jego tajemnice /
_cZbigniew Bełdowski.
260 _aWarszawa :
_bSport i Turystyka,
_c1970.
300 _a275, [1] stron :
_bilustracje ;
_c18 cm.
336 _aTekst
_btxt
_2rdacontent
337 _aBez urządzenia pośredniczącego
_bn
_2rdamedia
338 _aWolumin
_bnc
_2rdacarrier
380 _aKsiążki
388 _a1907-2000
490 1 _aSport dla Ciebie ;
_v4
504 _aBibliografia na stronie [273].
650 7 _aTenis.
_2DBN
658 _aKultura fizyczna i sport
710 2 _aWydawnictwo Sport i Turystyka
_4pbl
830 0 _aSport dla Ciebie - Sport i Turystyka
_v4
856 _uhttp://koha.tu.koszalin.pl/cgi-bin/koha/opac-detail.pl?biblionumber=9267
_yKatalog online BPK
942 _2UKD
_cKS
999 _c9267
_d9267